| 000 | 00382nam a2200145Ia 4500 | ||
|---|---|---|---|
| 008 | 230917s9999||||xx |||||||||||||| ||und|| | ||
| 040 |
_e80636 _aMAIN |
||
| 041 | _aEnglish | ||
| 082 | _a346.0486 | ||
| 100 | _aSangal, P S, ed | ||
| 245 | 0 | _aIndian patent system and Paris convention: legal perspectives | |
| 260 |
_aAllahabad _bWadhwa _c1987 |
||
| 300 | _axii, 191 p. | ||
| 942 | _cBK | ||
| 999 |
_c60516 _d60516 |
||